Palavras ao vento: língua portuguesa, 5º ano

Saved in:
Bibliographic Details
Main Author: Afonso, Isilda Lourenço
Other Authors: Eduardo, José Pereira, Nelson Rodrigues
Format: Unknown
Language:Portuguese
Published: Vila Nova de Gaia Gailivro 2004
Edition:1ª ed.
Textbook Catalogue:MANES:  Library Catalog Search Result
Textbook Classification:
Tags: Add Tag
No Tags, Be the first to tag this record!
Added to:2016-04-26
Changed in:2025-04-25

MARC

LEADER 000000000a22000000004500
001 31077
003 OSt
005 20250425111554.0
008 160427s pt ||||| |||| 00| 0 por d
040 |c centro_manes 
041 1 |a por 
100 1 |a Afonso, Isilda Lourenço  |9 16486 
245 0 0 |a Palavras ao vento: língua portuguesa, 5º ano 
250 |a 1ª ed. 
260 3 |a Vila Nova de Gaia  |b Gailivro  |c 2004 
300 |a 239 p.;  |c 29 cm 
500 |a Bibliografia, p. 237-238 
561 |5 pt-BNP  |a Portugal. Biblioteca Nacional de Portugal  |k MANES 
690 |a LEN 
691 |a SE 
700 1 |a Eduardo, José  |9 16487  |a Pereira, Nelson Rodrigues  |9 16488 
942 |2 ddc  |c BK 
546 |a Portugal 
999 |c 32539  |d 32539 
999 |c manes:32539  |d 32539